| Tag |
First Indicator |
Second Indicator |
Subfields |
| LEADER |
00000cam a2200000 4500 |
| 001 |
in00000052427 |
| 005 |
20151007070133.0 |
| 008 |
790328s1953 lauad 00010 eng d |
| 035 |
|
|
|a (OCoLC)04792951
|
| 035 |
|
|
|9 AAE3413AM
|
| 040 |
|
|
|a LNE
|c LNE
|d TXA
|d UtOrBLW
|
| 049 |
|
|
|a TXAM
|c [301368]
|
| 090 |
|
|
|a TN872.L8
|b S474 1953
|
| 092 |
|
|
|a 553.282
|b S561p
|
| 092 |
|
|
|a 553.28
|b Sh
|
| 110 |
2 |
|
|a Shreveport Geological Society.
|
| 245 |
1 |
0 |
|a Penetration charts and reservoir data summary :
|b oil and gas fields in south Arkansas and north Louisiana.
|
| 264 |
|
1 |
|a Shreveport,
|b [publisher not identified] ;
|c 1953.
|
| 300 |
|
|
|a 1 volume :
|b 11 fold.charts ;
|c 28 cm.
|
| 336 |
|
|
|a text
|b txt
|2 rdacontent
|
| 337 |
|
|
|a unmediated
|b n
|2 rdamedia
|
| 338 |
|
|
|a volume
|b nc
|2 rdacarrier
|
| 650 |
|
0 |
|a Oil fields
|z Arkansas.
|
| 650 |
|
0 |
|a Oil fields
|z Louisiana.
|
| 999 |
|
|
|a MARS
|
| 999 |
f |
f |
|s 131a5514-a375-31f6-b0c9-f3b162cfa62f
|i 285050ea-f30d-3668-ad45-a0a024a296bc
|t 0
|
| 952 |
f |
f |
|p ric
|a Texas A&M University
|b Rellis Campus
|c Joint Library Facility
|d Remote Storage
|t 0
|e TN872.L8 S474 1953
|h Library of Congress classification
|i unmediated -- volume
|m A14834379145
|
| 998 |
f |
f |
|a TN872.L8 S474 1953
|t 0
|l Remote Storage
|